| 000 | 00751nam a22002657a 4500 | ||
|---|---|---|---|
| 001 | BR9300843 | ||
| 003 | BR-BrBNA | ||
| 005 | 20230928093833.0 | ||
| 007 | ta | ||
| 008 | 230509b bl.||||| |||| 00| 0 por d | ||
| 040 |
_aBR-BrBNA _bpor _cBiblioteca Nacional de Agricultura |
||
| 041 | _a(Por) | ||
| 072 |
_aD50; L10 _b5212 |
||
| 090 | _ 5212 BR9300843 | ||
| 110 | 1 |
_aDepartamento Nacional de Producao Agropecuaria, Brasilia, DF (Brasil). Coord. de Producao Animal _93356 |
|
| 245 | 1 | _aNormas para formacao da raca girolando | |
| 250 | 1 | _a2. ed. | |
| 260 | 3 |
_aBrasilia, DF (Brasil): _c1992. |
|
| 300 | _a31 p. | ||
| 650 | _aGado Girolando | ||
| 650 | _aLegislacao | ||
| 650 | _aRaca | ||
| 909 |
_a202309 _bLucia _c55 _dLucia Elande |
||
| 942 | _cBK | ||
| 999 |
_c47414 _d47414 |
||